000 00678nam a2200205Ia 4500
005 20260121110156.0
008 008 260114s9999 xx 000 0 hin d
020 _a9788132365563
037 _aEBOOK
040 _aCRL
_bhin
_cCRL
041 _ahin
_2hin
084 _qCRL
100 _aराजेश्वरी चौहान / Rajeshwari Chauhan
_9942963
245 0 _aप्राकृतिक ऊर्जा के लाभ / Prakritik Urja ke Laabh
260 _bभाषा प्रकाशन / Bhasha Prakashan
_c2021
856 _uhttps://bhashaprakashan.com/product-details/379208
942 _cEBOOK
999 _c1534628
_d1534628